Schaum`s Outlines of Theory & Problems of Financial Accounting (Record no. 3922)

MARC details
000 -LEADER
fixed length control field 00472nam a2200181Ia 4500
008 - FIXED-LENGTH DATA ELEMENTS--GENERAL INFORMATION
fixed length control field 221030s9999 xx 000 0 und d
020 ## - INTERNATIONAL STANDARD BOOK NUMBER
ISBN 0070589453
041 ## - LANGUAGE CODE
Language code of text/sound track or separate title
082 ## - DEWEY DECIMAL CLASSIFICATION NUMBER
Classification number 105.23
Item number Shi
100 ## - MAIN ENTRY--AUTHOR NAME
Personal name J. K. Shim
245 #0 - TITLE STATEMENT
Title Schaum`s Outlines of Theory & Problems of Financial Accounting
Statement of responsibility, etc by J. K. Shim, G. J. Siegel
250 ## - EDITION STATEMENT
Edition statement 2nd
260 ## - PUBLICATION, DISTRIBUTION, ETC. (IMPRINT)
Name of publisher TMH
Place of publication New Delhi
Year of publication 2004
300 ## - PHYSICAL DESCRIPTION
Number of Pages 337
650 ## - SUBJECT ADDED ENTRY--TOPICAL TERM
Topical Term Management
700 ## - ADDED ENTRY--PERSONAL NAME
Personal name G. J. Siegel
942 ## - ADDED ENTRY ELEMENTS (KOHA)
Koha item type Books
Holdings
Accession Number Cost, normal purchase price Full call number Price effective from Koha item type Withdrawn / writtenoff status Materials specified (bound volume or other part) Damaged status Not for loan Permanent Location Current Location Shelving location Date acquired Lost/ Missing status department
MBA 1018 250.00 105.23 Shi 10/30/2022 Books   Print   Not For Loan MIET Library, Jammu MIET Library, Jammu BL-Second, FL-1, CUP-66, SH-1, R-1 11/08/2006   MBA
MBA 1019 250.00 105.23 Shi 10/30/2022 Books   Print     MIET Library, Jammu MIET Library, Jammu BL-Second, FL-1, CUP-62, SH-6, R-6 11/07/2006   MBA
MBA 1020 250.00 105.23 Shi 10/30/2022 Books   Print     MIET Library, Jammu MIET Library, Jammu BL-Second, FL-1, CUP-62, SH-6, R-6 11/08/2006   MBA
MBA 1021 250.00 105.23 Shi 10/30/2022 Books   Print     MIET Library, Jammu MIET Library, Jammu BL-Second, FL-1, CUP-62, SH-6, R-6 11/07/2006   MBA
MBA 1022 250.00 105.23 Shi 10/30/2022 Books   Print     MIET Library, Jammu MIET Library, Jammu BL-Second, FL-1, CUP-62, SH-6, R-6 11/07/2006   MBA